[Event "IECC CL5-2009.14 email"]
[Site "IECC email"]
[Date "2009.07.23"]
[Round "?"]
[White "Brittes, Narley"]
[Black "Filgueira, Horacio"]
[Result "0-1"]
[WhiteElo "1501"]
[BlackElo "1402"]
[PlyCount "66"]
[EventDate "2009.??.??"]
[EventType "tourn (corr)"]
[EventRounds "4"]
[SourceTitle "Telechess CBM 137"]
[Source "ChessBase"]
[SourceDate "2010.07.15"]
[SourceVersion "1"]
[SourceVersionDate "2010.07.15"]
[SourceQuality "1"]
[WhiteTeam "England"]
[BlackTeam "Argentina"]
[WhiteTeamCountry "ENG"]
[BlackTeamCountry "ARG"]

1. e4 e5 2. Nf3 Nc6 3. d4 Nxd4 4. Nxd4 exd4 5. Qxd4 c5 6. Qe5+ Qe7 7. Qxe7+ Bxe7 8. Bc4 Nf6 9. e5 Ng4 10. Bf4 g5 11. Bg3 h5 12. h3 Nh6 13. Nc3 Nf5 14. Bh2 Nd4 15. 0-0-0 Ne6 16. Nd5 Bd8 17. Nf6+ Kf8 18. Bb5 Kg7 19. Nxd7 Nd4 20. Ba4 b5 21. Nxc5 Ne2+ 22. Kd2 Nc3 23. Bb3 Nxd1 24. Rxd1 Bf5 25. e6 fxe6 26. Bxe6 Bg6 27. Bd7 Bf6 28. Kc1 Kh6 29. Bxb5 Rac8 30. Nd3 Rhd8 31. Re1 Bxd3 32. Bxd3 Rxd3 33. Re6 Kg7 0-1

[Event "IECC M1-2009.T21"]
[Site "IECC email"]
[Date "2009.02.06"]
[Round "?"]
[White "Brittes, Narley"]
[Black "Cumiskey, Rob"]
[Result "0-1"]
[WhiteElo "1600"]
[BlackElo "1699"]
[PlyCount "34"]
[EventDate "2009.??.??"]
[EventType "match (corr)"]
[EventRounds "2"]
[SourceTitle "Corr 2011"]
[Source "ChessBase"]
[SourceDate "2010.08.31"]
[SourceVersion "1"]
[SourceVersionDate "2010.08.31"]
[SourceQuality "1"]
[WhiteTeam "England"]
[BlackTeam "England"]
[WhiteTeamCountry "ENG"]
[BlackTeamCountry "ENG"]

1. d4 d5 2. c4 dxc4 3. Nc3 a6 4. e4 b5 5. h3 e6 6. a3 Nc6 7. Nf3 Na5 8. Nd2 Qxd4 9. Qf3 Bb7 10. Be2 Bd6 11. 0-0 Nf6 12. Rd1 Qc5 13. Kf1 0-0 14. Ra2 Rfd8 15. Ra1 Nc6 16. b4 Qe5 17. Qe3 Qh2 0-1